[Event "Corus-B"]
[Site "Wijk aan Zee"]
[Date "2003.01.12"]
[Round "2"]
[White "Zhang, Zhong"]
[Black "Stellwagen, Daniel"]
[Result "1-0"]
[WhiteElo "2624"]
[BlackElo "2427"]
[Annotator "Psakhis,L"]
[PlyCount "97"]
[EventDate "2003.01.14"]
[EventType "tourn"]
[EventRounds "13"]
[EventCountry "NED"]
[EventCategory "13"]
[SourceTitle "CBM 093"]
[Source "ChessBase"]
[SourceDate "2003.04.01"]
[SourceVersion "1"]
[SourceVersionDate "2003.04.01"]
[SourceQuality "1"]

1. e4 e6 2. Qe2 c5 3. Nf3 Nc6 4. g3 g6 5. Bg2 Bg7 6. c3 Nge7 7. O-O O-O 8. d3
b6 (8... b5 9. Be3 d6 10. e5 Ba6 11. exd6 Qxd6 12. Nbd2 b4 13. c4 Rad8 14. Ne4
Qxd3 15. Qxd3 Rxd3 16. Nxc5 Rxe3 17. fxe3 Bxc4 {Kveinys,A-Teske,H/Wien op 1994/
1/2-1/2 (53)}) (8... d6 $5) 9. Na3 $5 {Deviating from main lines of the theory
at very early stage} Bb7 (9... Ba6 10. Rd1 Qc7 11. Nc4 b5 12. Ne3 b4 13. Qe1
bxc3 14. bxc3 Qa5 15. e5 Nxe5 16. Nxe5 Bxe5 17. Ng4 Bxc3 18. Nh6+ Kg7 19. Bb2
f6 20. Bxc3 Qa4 21. g4 Kxh6 22. Qe3+ Kg7 23. g5 Nf5 24. gxf6+ {Dubinsky,
R-Remizov,J/Moscow-ch op 1998/0-1 (70)}) 10. Nc2 e5 11. a3 d5 (11... a5 12. a4
$1 d5 13. exd5 Nxd5 14. Na3 Re8 15. Nd2 Qd7 16. Re1 Re6 17. Nac4 Nce7 18. Ne4
h6 19. h4 f5 20. Ned2 Re8 $13 {1-0 Kaminski,M-Socko,B/POL t-ch Suwalki 1999 
(59)}) 12. b4 Qd7 ({Worth considering} 12... d4 $5 13. cxd4 cxd4 14. b5 Na5 15.
Rb1 Rc8 $13) 13. Rb1 Rad8 ({I don't think that Black will meet any trouble afte
} 13... f5 $5 {for example} 14. b5 (14. bxc5 Ba6 $1) 14... Na5 15. exf5 Qxf5
16. Ne3 Qd7 $132) 14. exd5 (14. bxc5 Ba6 $5) 14... Nxd5 15. Bb2 Rfe8 ({It will
be interesting to check} 15... cxb4 16. axb4 a6 $13 {with complicated position}
) 16. Rfd1 Qc8 (16... cxb4 $5) 17. bxc5 bxc5 18. Ba1 Ba6 (18... h6 $5 $11 {
[%csl Gg5]}) 19. Ng5 $5 (19. c4 e4 $1 20. Bxg7 exd3 21. Qd2 Nf4 $5 22. gxf4
dxc2 23. Qxc2 Kxg7 24. Qc3+ f6 $11) 19... e4 (19... h6 $5 20. Ne4 c4 21. dxc4
Nce7 $5 22. Nd2 Nb6 $13) 20. Bxe4 h6 $2 {The text move is artificial and
throws Black into serious trouble. He had to continue} (20... Bxc3 $142 $5 {
with possible continuation} 21. Qf3 (21. Nxf7 Rxe4 22. Nh6+ Kg7 23. Qxe4 Kxh6)
21... Ne5 22. Qh1 $5 Bxa1 23. Bxd5 Qd7 $5 24. Ne4 $140 Qe7 $1 25. Nxa1 Rxd5 26.
Nf6+ Qxf6 27. Qxd5 Qf5 $1 $132) 21. Nxf7 $1 {Maybe Stellwagen just missed this
move?} Rxe4 $8 (21... Kxf7 22. Qf3+ Nf6 23. Bxc6 $18) 22. Nxh6+ Bxh6 23. Qxe4
Nde7 24. c4 {[%csl Ga1]} Qf5 25. f4 $1 $16 {Having rook+3P for two pieces,
Zhang Zhong has very good winning chances and he slowly but surely improves
position of all his pieces} Qxe4 (25... Bg7 $5) 26. dxe4 Rxd1+ 27. Rxd1 Bxc4
28. Ne3 {Unfortunately for black he can't safe cP} Be2 (28... Be6 29. Rc1 g5
30. f5 g4 31. Re1 Bxe3+ 32. Rxe3 Bc4 33. Kg2 $18 {[%cal Gh2h3]}) 29. Rc1 Bf3
30. e5 Bf8 (30... g5 31. fxg5 Bxg5 32. Kf2 Bg4 33. Rxc5 $18) 31. Kf2 (31. Rxc5
$2 Nf5) 31... Be4 32. Rc4 $1 Bh1 (32... Bf5 33. Rxc5) 33. Rxc5 Nf5 34. Rc3 {
Now White need just to show some technique to win game - his material
advantage is too big} Kf7 35. Bb2 (35. Ng2 $5) 35... Nxe3 36. Kxe3 Ke6 37. g4
$1 Be7 38. Rc1 Bd5 (38... Bg2 $5) 39. Rf1 {[%cal Rf4f5]} Bc5+ $8 40. Kd3 Ne7
41. Rc1 Bb6 42. Bd4 {White has both positional and material advantage, so the
rest is pretty clear} Bd8 (42... Bf3 43. h3 Bg2 44. Bxb6 axb6 45. Ke2 $18) 43.
Bxa7 {Another pawn!} Bf3 44. h3 Bg2 45. Ke2 $18 Nd5 (45... Bxh3 46. Kf3 {
[%csl Rh3]}) 46. Kf2 Be4 (46... Nxf4 47. Rc4 Bh4+ 48. Kg1 Bg5 49. Rxf4 Bxf4 50.
Kxg2 Bxe5 51. h4 $18) 47. Kg3 Ba5 48. Rc6+ Kd7 49. Rc4 {The technical part of
the game was greatly conducted by Zhang Zhong} (49. Rc4 Be1+ 50. Bf2 Bxf2+ 51.
Kxf2 $18) 1-0

[Event "RUS-Cup6"]
[Site "Krasnodar"]
[Date "1997.03.19"]
[Round "9"]
[White "Morozevich, Alexander"]
[Black "Dolmatov, Sergey"]
[Result "0-1"]
[WhiteElo "2595"]
[BlackElo "2560"]
[Annotator "Psakhis,L"]
[PlyCount "118"]
[EventDate "1997.03.11"]
[EventType "swiss"]
[EventRounds "9"]
[EventCountry "RUS"]
[SourceTitle "EXT 2000"]
[Source "ChessBase"]
[SourceDate "1999.11.16"]
[SourceVersion "1"]
[SourceVersionDate "1999.11.16"]
[SourceQuality "1"]

1. e4 e6 2. Qe2 c5 3. g3 Nc6 4. c3 g6 5. Bg2 Bg7 6. f4 Nge7 7. Nf3 d6 8. O-O
O-O 9. d3 (9. Na3 Rb8 10. Kh1 d5 11. e5 Qa5 12. Nc2 b5 13. a3 d4 14. cxd4 cxd4
15. Nfxd4 Nxd4 16. Nxd4 Bb7 17. b4 Bxg2+ 18. Qxg2 Qb6 19. Bb2 $14 {1/2-1/2
Fedorov,A-Zakharevich,I/Minsk op 1997 (57)}) 9... b5 (9... d5 $6 10. e5 $36) (
9... e5 $5 10. Be3) 10. Be3 (10. a3 a5 $13) 10... b4 {It is clear, that
Dolmatov solved already all openings troubles.} 11. Rc1 {N/} (11. Qc2 Qa5 12.
Nfd2 bxc3 (12... Ba6 13. Nb3 Qb5 14. c4 Qb6 15. N1d2 Bb7 16. Nf3 a5 17. Rad1 a4
18. Nc1 h6 $11 {1/2-1/2 Guseinov,S-Nikolenko,O/URS-chT Azov 1991 (47)}) 13.
bxc3 Ba6 14. Rd1 Rfc8 15. Nc4 Qc7 16. Bf2 d5 $11 {1-0 Huseinov,A-Budnikov,A/
Azov 1991 (59)}) (11. e5 bxc3 $5 (11... Rb8 12. Ng5 bxc3 13. bxc3 f5 14. Bf2 h6
15. Nf3 Nd5 16. Re1 Rf7 $13 {1-0 Kovacic,P-Sirnik,B/SLO t-ch 1995 (36)}) 12.
Nxc3 (12. bxc3 Ba6 $36) 12... Nf5) 11... bxc3 12. bxc3 Ba6 {[%cal Ra6d3]} 13.
Nbd2 Rb8 14. Bf1 Qd7 (14... f5 $5 15. e5 dxe5 16. fxe5 Qc7 17. Bxc5 Nxe5) 15.
Nb3 e5 {[%cal Rf7f5]} 16. f5 $1 {Right and brave decision.If White plays
passively , Dolmatov will got initiative on both sides.} gxf5 17. Bh3 Qe8 (
17... Qc7 18. exf5 e4 19. Ng5 Bxd3 20. Qh5 h6 21. f6 hxg5 (21... Bxf6 22. Ne6
$1 Be2 23. Qxh6 fxe6 24. Bxe6+ Rf7 25. Qxf6 $18) 22. Bxg5 $1 Bh8 (22... Ng6 23.
fxg7 Rfe8 24. Bf6 $18) 23. fxe7 Nxe7 24. Bxe7 Qxe7 25. Bf5 f6 26. Qg6+ Qg7 (
26... Bg7 $2 27. Qh7+ Kf7 28. Qh5+ Kg8 29. Bh7+ Kh8 30. Bxe4+ Kg8 31. Qh7+ Kf7
32. Bd5+ Ke8 33. Qxd3 $18) 27. Be6+ $18) 18. exf5 e4 (18... f6 $5) (18... Nd5
$13) 19. Ng5 Nd5 $1 ({Very dangerous will be to play now} 19... exd3 $2 20. Qh5
h6 21. Ne4 (21. f6 Nd5) 21... Nd5 22. Bxh6 Qxe4 (22... Bxh6 23. Qxh6 Qxe4 24.
Re1) 23. Re1 $1 Qc4 24. Bxg7 Kxg7 25. Qg5+ Kh8 26. f6 Nxf6 27. Qxf6+ Kg8 28.
Qg5+ Kh8 29. Qh6+ Kg8 30. Bf5 $18 {and White is winning.}) 20. Nxe4 (20. Qh5 $2
Nf6) 20... Qxe4 21. dxe4 Bxe2 22. exd5 Ne5 $44 {[%cal Re5f3,Re5d3,Rd5c4]} 23.
Bg2 (23. Kf2 Bc4) (23. Bf1 Bg4 $15) (23. Bf4 Rfe8) 23... Rfe8 (23... Bd3 24.
Bg5 $1) 24. Bf4 Rb6 $1 25. Bg5 h6 26. Bh4 (26. Bd2 Bd3 27. Bh3 $2 Nf3+ 28. Kh1
Re2 $19) (26. f6 hxg5 27. fxg7 Nd3 28. Rcb1 Kxg7 $17) 26... Nd7 27. h3 h5 $15
28. Bf1 $2 $138 {Decisive mistake in time troubles, but any case Black have
more than enough compenation for the pawn.} Bxf1 29. Kxf1 Re5 30. Bd8 (30. g4
hxg4 31. hxg4 Re4) 30... Rxf5+ 31. Kg2 Rb7 32. Rc2 $5 Nf6 $17 {Not getting
into the trap. After} (32... Rxd5 $2 {situation on the board will be changed
completely.} 33. Na5 $1 Rb5 34. a4 Rb4 35. Nc6 Re4 36. Ne7+) 33. Na5 $2 Nxd5 $1
$19 {Whites pawns falls like leaves, and final part of the game doesn,t
deserves any comment.} 34. Re1 Rd7 35. Re8+ Kh7 36. Nc4 Nxc3 37. Ba5 Nb5 38.
Rd2 Nd4 39. Bc3 d5 40. Ne3 Re5 41. Rxe5 Bxe5 42. Bxd4 Bxd4 43. Nf5 Bc3 44. Rd1
d4 45. Kf3 d3 46. Ne3 Kg6 47. Nc4 Kf5 48. Rc1 Bb4 49. a3 d2 50. Rd1 Bc3 51.
Ne3+ Ke5 52. Ke2 Ke4 53. Rb1 Rd3 54. Nd1 Rxg3 55. Rb7 Rg2+ 56. Kf1 Rh2 57. Kg1
Re2 58. Nxc3+ Kd3 59. Kf1 Re1+ 0-1

[Event "RUS-Cup4"]
[Site "Perm"]
[Date "1997.02.14"]
[Round "7"]
[White "Totsky, Leonid"]
[Black "Zakharov, Alexander V"]
[Result "1-0"]
[WhiteElo "2495"]
[BlackElo "2375"]
[Annotator "Psakhis,L"]
[PlyCount "53"]
[EventDate "1997.02.02"]
[EventType "swiss"]
[EventRounds "9"]
[EventCountry "RUS"]
[SourceTitle "CBM 058"]
[Source "ChessBase"]
[SourceDate "1997.06.01"]
[SourceVersion "1"]
[SourceVersionDate "1997.06.01"]
[SourceQuality "1"]

1. e4 e6 2. b3 {Totsky played this strange move many times and usually with
success.It doesn't mean that move is good, it means just that maybe it better
than his reputation.} d5 3. Bb2 dxe4 (3... Nf6 4. exd5 exd5 5. Qe2+ $5 Be6 (
5... Be7 6. Bxf6 {[%csl Rf6,Rf7]}) 6. Nf3 Be7 7. Ng5) 4. Nc3 Nf6 5. Qe2 Bb4 ({
After too modest} 5... Be7 6. Nxe4 Nxe4 7. Qxe4 Bf6 8. d4 Qd5 9. Qe3 O-O 10.
O-O-O Nc6 11. Nf3 $36 {White got nice position in Totsky,L-Rapoport,I/Minsk op
1996 and won just in 16 moves.}) 6. O-O-O Bxc3 ({In case of} 6... Qe7 {White
can choose between} {and} 7. Kb1 $5 (7. Nxe4 Ba3 8. Nxf6+ Qxf6 9. d4 Bxb2+ 10.
Kxb2 c5 (10... b6 $5 11. Qe4 c6) 11. Qf3 cxd4 12. Qxf6 gxf6 13. Rxd4 Ke7 14.
Nf3 Nc6 15. Rd2 $14 {1/2-1/2 Totsky,L-Legky,N/Orel 1994 (34)}) 7... Bxc3 8.
dxc3 b6 9. g4 Bb7 10. Bg2 h6 11. h4 Nbd7 12. g5 Nd5 13. Nh3 $36 {with
promising position, 1-0 Totsky,L-Tarasenko,A/Moscow op-11 1995 (46)}) 7. dxc3
$5 Qe7 8. g4 $1 {For just one pawn White recieved couple of bishops, advantage
in development and initiative- not a bad deal!} h6 9. Bg2 e5 (9... O-O 10. h4
$36) 10. h3 Bd7 (10... Qc5 11. f3 e3 12. Rd3 Nd5 $140 $2 13. Qd1 $1 $18 {
[%cal Rd3d8]}) 11. Qe3 $5 Bc6 12. c4 {[%cal Yg1e2,Ye2g3,Yg3f5]} Nbd7 13. Ne2
O-O 14. Nc3 (14. Ng3 {Looked more natural.}) 14... Nc5 (14... Qc5 15. Qxc5 Nxc5
16. Ba3 $1 (16. b4 Ne6 17. b5 Nf4 $1 (17... Be8 18. Nxe4 Nxe4 19. Bxe4 Nc5 20.
Bg2 $18) 18. bxc6 Nxg2 19. cxb7 Rab8) 16... b6 (16... Nfd7 17. b4 Na4 18. Nxa4
Bxa4 19. b5 $1 $16)) 15. Rhg1 $5 {Slowly but surely!} Rfd8 16. Rxd8+ Rxd8 17.
Bh1 {[%cal Rh3h4,Rg4g5]} Ne6 18. Nxe4 Nd4 $6 (18... Nxe4 $1 19. Bxe4 Bxe4 20.
Qxe4 Qg5+ 21. Kb1 Qf4 $14) 19. Ng3 $5 Bxh1 20. Rxh1 {[%cal Rf2f4]} Nc6 21. Nf5
Qe6 22. f4 $1 $16 e4 $2 (22... Nd7 $1) 23. Nxg7 $1 $18 Kxg7 24. g5 Rd7 25.
gxf6+ Kf8 26. f5 Qd6 27. c5 1-0

[Event "Asia-ch"]
[Site "Kolkata"]
[Date "2001.08.10"]
[Round "2"]
[White "Kunte, Abhijit"]
[Black "Hoang, Thanh Trang"]
[Result "1-0"]
[WhiteElo "2547"]
[BlackElo "2445"]
[Annotator "Psakhis,L"]
[PlyCount "75"]
[EventDate "2001.08.09"]
[EventType "swiss"]
[EventRounds "11"]
[EventCountry "IND"]
[SourceTitle "CBM 085"]
[Source "ChessBase"]
[SourceDate "2001.11.13"]
[SourceVersion "1"]
[SourceVersionDate "2001.11.13"]
[SourceQuality "1"]

1. e4 e6 2. Qe2 {Dangerous weapon- in good hands!} c5 3. Nf3 Nc6 4. g3 g6 5.
Bg2 Bg7 6. c3 Nge7 (6... d6 7. Na3 Nge7 8. d3 b6 9. O-O Ba6 10. Rb1 O-O 11. b4
Bb7 12. Bb2 Qd7 13. b5 Na5 14. Ba1 d5 15. e5 a6 $13 {1/2-1/2 Romanishin,
O-Bischoff,K/Bad Endbach 1995 (44)}) 7. h4 h5 8. O-O d5 $146 ({Six rounds
later Kunte won good game after} 8... d6 9. d3 O-O 10. a3 Rb8 11. Be3 b5 12. b4
cxb4 13. axb4 a6 14. d4 Qc7 15. Nbd2 Bb7 16. Rfc1 Rbc8 17. Rab1 $14 {1-0 Kunte,
A-Prasad,D/Asian-ch Calcutta 2001/The Week in Chess 354 (28)}) 9. d3 O-O 10.
Bg5 {Hope to provoke Black for additional weakness on the >>} Qc7 11. Na3 $5 b6
12. Rfe1 {[%cal Ge4e5]} Ba6 13. e5 {White position is better and I even can't
say that he worked hard for it!} b5 14. d4 cxd4 15. cxd4 Nf5 16. Nc2 {[%csl
Gd4]} Rac8 17. Rac1 Qb6 18. Qd2 {d4 pawn is well protected now, but it is
quite difficult for Black to find another object of attack.} b4 19. b3 Qb5 {
[%cal Gb5d3]} 20. Bf1 (20. Ne3 Qd3 21. Nxf5 Qxf5 22. Rc5 $14) 20... Qa5 21. Ne3
{Exchanging night f5- main supporter of black monarch.} (21. Bh3 Qxa2 22. Bxf5
(22. Ra1 $2 Qxb3 23. Bxf5 exf5 24. Rxa6 Qxf3 $19) 22... exf5 23. Nxb4 Qxd2 24.
Bxd2 Nxb4 25. Bxb4 Rxc1 26. Rxc1 Rb8 27. Rc6 $13) 21... Nxe3 (21... Bxf1 22.
Nxf5) 22. fxe3 $5 {Interesting idea-White open f5 <-> for attack.} Rc7 (22...
Bxf1 23. Rxf1 {[%cal Gf1f8]}) 23. Rc5 Qb6 24. Bxa6 Qxa6 25. Bf6 Bh6 26. g4 $1 {
[%csl Rg8] Hunt for black king starts!} Rfc8 (26... hxg4 27. Nh2 Rfc8 28. Nxg4
Bf8 29. Rcc1 {[%cal Rh4h5,Rd2f2,Rf2f4] doesn't promise Black too many chances
for successful defense.} (29. e4 $4 Nxd4 $1)) 27. Rec1 Qb6 28. Ng5 {[%cal
Rd2g2]} (28. Nh2 $5) 28... hxg4 29. Qc2 {[%cal Gc2c8,Rh4h5]} Bf8 30. h5 $3 {
[%mdl 640] Finishing game just in few moves!} (30. Nxf7 Kxf7 (30... Rxf7 31.
Qxg6+ Bg7 32. Bxg7 Rxg7 33. Qxe6+ $18) 31. h5 gxh5 32. Rxc6 Qxc6 33. Qh7+ Ke8
34. Qxh5+ Rf7 35. Rxc6 Rxc6 36. Qxg4 $36) 30... Nxd4 $1 {Trying to catch fish
in dirty water.} (30... Bxc5 31. hxg6 $18 {lose immediately.}) 31. exd4 Bxc5 ({
In the case of} 31... Rxc5 32. hxg6 $1 R5c7 {White wins with help of brilliant}
33. Rd1 $3 $18) 32. h6 $1 $18 {Nice.B,N and Ph6 can finish attack and without
help of other pieces.} Kf8 (32... Bxd4+ 33. Kh1) 33. h7 Ke8 34. h8=Q+ Bf8 (
34... Kd7 35. Qxc8+ Kxc8 36. dxc5 $18) 35. Nh7 (35. Qg8 $5) 35... Qxd4+ 36. Kh1
Rxc2 (36... Qe4+ 37. Qxe4 Rxc1+ 38. Kg2 R8c2+ 39. Qxc2 Rxc2+ 40. Kg3) 37. Qxf8+
Kd7 38. Qd6+ 1-0

[Event "RUS-Cup02"]
[Site "Moscow"]
[Date "1998.01.26"]
[Round "6"]
[White "Komliakov, Viktor"]
[Black "Rustemov, Alexander"]
[Result "0-1"]
[WhiteElo "2510"]
[BlackElo "2575"]
[Annotator "Psakhis,L"]
[PlyCount "82"]
[EventDate "1998.01.21"]
[EventType "swiss"]
[EventRounds "9"]
[EventCountry "RUS"]
[SourceTitle "CBM 063"]
[Source "ChessBase"]
[SourceDate "1998.03.26"]
[SourceVersion "1"]
[SourceVersionDate "1998.03.26"]
[SourceQuality "1"]

1. e4 e6 2. f4 d5 3. e5 c5 4. Nf3 Nc6 5. c3 Nh6 6. Na3 {This line was very
popular something like 150 years ago, nowdays just few chesspplayers are brave
enough to include it to there opening repertoire.} Qb6 (6... Nf5 7. Nc2 Be7 (
7... Bd7 8. Bd3 Be7 9. O-O Nh4 10. Be2 Nxf3+ 11. Bxf3 O-O 12. Qe2 f6 13. exf6
Rxf6 14. d3 Bd6 15. g3 Kh8 16. Be3 Qe7 $11 {1/2-1/2 Komliakov,V-Psakhis,L/
Yerevan olm 1996 (22)}) 8. Bd3 Qb6 9. Ne3 g6 10. O-O Bd7 11. Kh1 h5 (11...
O-O-O 12. Rb1 Qc7 13. Nc2 f6 14. Bxf5 gxf5 15. b4 fxe5 16. b5 Nb8 17. Nxe5 Be8
18. d4 $14 {1/2-1/2 Komliakov,V-Rychagov,A/Moscow Goldberg mem 1997 (32)}) 12.
b3 O-O-O 13. a3 f6 14. Nxf5 gxf5 15. b4 fxe5 16. fxe5 h4 17. h3 c4 18. Bc2 Be8
$1 $36 {1-0 Komliakov,V-Rustemov,A/Spasskoe 1996 (91)}) (6... Be7 7. Nc2 f5 8.
d4 O-O 9. Be2 Bd7 10. O-O Rc8 11. Kh1 cxd4 12. cxd4 Nf7 13. Rg1 Kh8 14. g4 fxg4
15. Rxg4 Nh6 16. Rg3 Be8 17. Bd3 Bh5 18. Qg1 Bh4 19. Nxh4 Qxh4 20. Ne1 Nb4 21.
Bd2 Nxd3 22. Rxd3 Bg6 23. Qg3 Qh5 24. Rb3 Qe2 25. Qe3 Qf1+ 26. Qg1 Be4+ 27. Rf3
Bxf3+ 28. Nxf3 Qxf3+ 29. Qg2 Qxg2+ 30. Kxg2 Rc2 31. Rd1 Rxf4 32. Kg3 Rxd4 33.
Bxh6 Rxd1 {0-1 Saint Amant,P-Staunton,H/Paris m 1843}) 7. Nc2 Bd7 {N/} (7... c4
8. Ne3 Bc5 9. b3 Nf5 10. Nxf5 Bf2+ 11. Ke2 exf5 12. Ba3 Bc5 13. Bxc5 Qxc5 14.
d4 cxd3+ 15. Qxd3 O-O 16. Qe3 $14 {1-0 Kubala,P-Todor,R/Bratislava op 1997 (49)
}) 8. Ne3 $6 {Stronger was to play} (8. d4 $5) 8... f6 $1 9. exf6 {What else,
after} (9. d4 cxd4 10. cxd4 Bb4+ 11. Kf2 fxe5 12. fxe5 O-O $17 {[%csl Rd4,Re5]
[%cal Rf8f1] Black,s advantage is obvious.}) 9... gxf6 10. d3 (10. g3 $5) 10...
O-O-O 11. Be2 Bd6 $15 {Black are very happy with result of opening} 12. O-O Ne7
(12... Bxf4 $2 13. Nxd5 exd5 14. Bxf4 $14) 13. Nh4 (13. d4 Bxf4 (13... Rhg8 $5)
14. Nc4 dxc4 (14... Qc7 15. Bxf4 Qxf4 16. Nfe5) 15. Bxf4 Nhf5 16. Bxc4 cxd4 17.
cxd4 e5 $17) 13... Ng6 $1 14. Nxg6 hxg6 15. g3 Rdg8 $17 {[%csl Rg1,Rg8,Rh8]}
16. Rf2 Qc7 17. Bf3 g5 18. fxg5 (18. f5 $142 $5) 18... Rxg5 19. Bg2 Rg6 (19...
Ng8 $5 {[%cal Gg5h5]}) 20. b4 $1 cxb4 (20... f5 $5 21. bxc5 Bxc5) 21. cxb4 Kb8
22. d4 (22. Bb2 $5 Qb6) 22... f5 23. Qd3 Rhg8 {[%cal Gf5f4]} 24. Rc2 Qd8 25.
Rf2 f4 $1 {All black pieces are prepared for attack, and Rustemov starts it!}
26. gxf4 (26. Nf1 fxg3 27. hxg3 Nf5 $19) 26... Qh4 27. Qf1 (27. Nf1 Ng4 28. Rc2
Nxh2 $1 29. Nxh2 Rh6 $19) 27... Ng4 (27... Rf6 $5 $19) 28. Nxg4 Rxg4 {[%cal
Rg8h8]} 29. Qe1 $2 (29. Kh1 Bb5 $1 30. Qg1 Bd3 31. a3 Rxg2 32. Rxg2 Rxg2 33.
Kxg2 Be4+ 34. Kf1 Qh3+ 35. Ke2 Qd3+ 36. Ke1 Qc3+ $19) 29... Ba4 {Looks very
strange} (29... Rxg2+ $1 {wins immediately, maybe it was mistake in scoresheet}
) 30. Bd2 R4g6 31. Rc1 Rh8 32. Kf1 a6 {Why???} (32... Bb5+ $19) 33. Rc5 Bxc5
34. Qe5+ Ka7 35. dxc5 Bb5+ 36. Ke1 Rxg2 $19 37. Be3 Rg1+ 38. Kd2 Qh7 39. c6+ b6
40. f5 Rc8 41. a4 Bxa4 0-1